书目信息 |
| 题名: |
奇皇怪帝
|
|
| 作者: | 宇杰 | |
| 分册: | ||
| 出版信息: |
|
|
| 页数: | 125页 | |
| 开本: | 19cm | |
| 丛书名: | ||
| 单 册: | ||
| 中图分类: | K827.42 | |
| 科图分类: | ||
| 主题词: | 人物--传记--中国 | |
| 电子资源: | ||
| ISBN: | 7-80130-026-2 | |
| 000 | 00461nam0 2200181 45 | |
| 001 | 0308271052 | |
| 005 | 20030827105608.0 | |
| 010 | @a7-80130-026-2@dRMB9.80 | |
| 100 | @a20030827d km y0chiy0120 ea | |
| 101 | @achi | |
| 105 | @a z 000yy | |
| 200 | 1 | @a奇皇怪帝@Aqi huang guai di@f宇杰@Fyu jie |
| 215 | @a125页@c无图表@d19cm | |
| 606 | 0 | @a人物@x传记@x中国 |
| 690 | @aK827.42@v3 | |
| 701 | 0 | @a宇杰 |
| 801 | @aCN@b@c20030827 | |
| 905 | @aBZT@dK827.42@e103 | |
| 奇皇怪帝/宇杰 |
| 125页:无图表;19cm |
| ISBN 7-80130-026-2:RMB9.80 |
| ● |
| 相关链接 |
|
|
|
正题名:奇皇怪帝
索取号:K827.42/103
 
预约/预借
| 序号 | 登录号 | 条形码 | 馆藏地/架位号 | 状态 | 备注 |
| 1 | 78322 | 200500485 | 中心书库南/017架A面4层4列/ [索取号:K827.42/103] | 在馆 | |
| 2 | 78323 | 200268272 | 中心书库南/017架A面4层4列/ [索取号:K827.42/103] | 在馆 |